| 000 | 01881nam a2200313Ia 4500 | ||
|---|---|---|---|
| 001 | G9644 | ||
| 003 | IT-RoPAU | ||
| 008 | 130308s9999 xx 000 0 und d | ||
| 040 | _aIT-RoPAU | ||
| 040 | _cIT-RoPAU | ||
| 041 | _aITALIANO | ||
| 100 | _aAimeri Luca | ||
| 100 | _gCodice Aut. SPICS: 50576 | ||
| 245 | _aInternet per il cinema. tecniche, generi, cinematografie, autori | ||
| 245 | _bInternet per Il Cinema. Tecniche, Generi, Cinematografie, Autori | ||
| 250 | _a1a ed. | ||
| 260 | _aTORINO | ||
| 260 | _bUtet Libreria | ||
| 260 | _c2001 [1° Ed.:2001 - Ed.Ling.Originale:2001] | ||
| 300 | _a"362 p. (prefazione: 8; testo: 354 [pagine: 0-0])" | ||
| 500 | _a"Guida di tutti I siti di Argomento Cinematografico Contenenti Materiali Diinteresse Storico Critico: una Mappa di navigazione per Esplorare le pagine e gli Archivi web Piu' Qualificati e Aggiornati. ricerche di Storia del Cinema in Rete: motori di Ricerca; Indici Sistematici; pagine di risorse Specialistiche; banche Dati; Articoli Online, Biblioteche e ricerche Bibliografiche; riviste e Portali; siti del Capitolo. Storia del Cinema e Storie Delcinema: Precinema; conservazione e Restauro; Formato e Suono; Era del Muto, una Storia senza Parole; siti del Capitolo. nel Mondo della Storia: una Storia per Il Cinema: Sceneggiature, Sceneggiatori, Sceneggiatura; una Storia di che Tipo?: Generi Cinematografici Classici: Fantastico, Fantascienza Ehorror, Western, Musical, Noir; siti del Capitolo. Un Mondo di Storie: Cinematografie Nazionali: Usa, America Latina, Europa, Asia, Australia, Africa; siti del Capitolo. Autori e titoli dei Film in internet in Ordine Alfabetico dei Registi. indice dei Siti." | ||
| 650 | _aSAGGI SUL CINEMA | ||
| 650 | _eCodice materia Spics: 6811 | ||
| 700 | _aTomasi Dario | ||
| 700 | _gCodice Aut. SPICS: 25367 | ||
| 942 | _cBK | ||
| 957 | _71 | ||
| 999 |
_c93524 _d93524 |
||
| 999 | _g1 | ||